Dublinesca (Registo nº 5952)

Detalhes MARC
000 -Etiqueta do registo
Valores 01592nam a2200217 4500
010 ## - Número ISBN
ISBN 9789726959519
021 ## - Número do Depósito Legal
Número 320902/10
100 ## - Dados gerais de processamento
Dados gerais 20211231d2011 m||y0pory5003 ba
200 1# - Titulo e menção de responsabilidade
Título próprio Dublinesca
Primeira menção de responsabilidade Enrique Vila-Matas
Outras menções de responsabilidade trad. Jorge Fallorca
210 #9 - Publicação
Local de publicação Alfragide
Nome do editor Teorema
Data de publicação 2011
215 ## - Descrição física 
Paginação / Volumes 264, [1] p.
330 ## - Sumário ou Resumo
Texto da nota Samuel Riba considera-se o último editor literário e sente-se perdido desde que se retirou. Um dia tem um sonho premonitório que lhe indica claramente que o sentido da sua vida passa por Dublin. Convence então uns amigos para irem ao Bloomsday e percorrerem juntos o próprio coração do Ulisses de James Joyce.<br/>Riba oculta aos seus companheiros duas questões que o obcecam: saber se existe o escritor genial que não soube descobrir quando era editor e celebrar um estranho funeral pela era da imprensa, já agonizante pela iminência de um mundo seduzido pela loucura da era digital. Dublin parece ter a chave para a resolução das suas inquietações.<br/>Neblina e mistério. Fantasmas e um humor surpreendente. Enrique Vila- Matas regressa com um romance que parodia o apocalíptico ao mesmo tempo que reflecte sobre o fim de uma época da literatura. Um romance deslumbrante, aberto às mais diversas leituras, uma verdadeira prenda povoada de surpresas. Simplesmente genial.
606 ## - Nome comum usado como assunto
ID Autoridade 13
Palavra de ordem Literatura Estrangeira
675 ## - CDU
Notação 821.134.1-31"19/20"
Edição BN
Língua por
700 ## - Autor principal (pessoa individual)
Apelido Vila-Matas
Nome Enrique
Datas 1948-
ID Autoridade 5636
702 ## - Autor secundário (pessoa individual)
Apelido Falorca
Nome Jorge
Datas 1949-2014
ID Autoridade 5637
801 #0 - Fonte de origem
País PT
Agência BMVN
Regras de catalogação RPC
830 ## - Notas gerais do catalogador
Criado por Inês Silva
Data de criação 31/12/2021
990 ## - Elementos KOHA
Tipo de documento Livro
Exemplares
Situação do levantamento Biblioteca de origem Código de barras Cota Permissão de empréstimo Tipo de documento Forma de aquisição
  Biblioteca Municipal de Vendas Novas 100000039455 LE VIL/DUB   Livro  

Powered by Koha